| 000 | 00700nam a2200277Ia 4500 | ||
|---|---|---|---|
| 008 | 160319s9999 xx 000 0 und d | ||
| 020 | _a9780823407309 | ||
| 050 | _aFic | ||
| 050 | _b.D419l 1990 | ||
| 100 | _aDePaola, Tomie | ||
| 245 | _aLittle Grunt and the big egg : | ||
| 245 | _ba prehistoric fairytale / | ||
| 245 | _cTomie dePaola. | ||
| 260 | _aNew York : | ||
| 260 | _bHoliday House. | ||
| 260 | _c1990 | ||
| 300 | _a32 pages : | ||
| 300 | _bcolor illustrations ; | ||
| 300 | _c29 cm | ||
| 650 | _aCave dwellers -- | ||
| 650 | _aDinosaurs -- | ||
| 650 | _aPets -- | ||
| 650 | _xJuvenile fiction. | ||
| 650 | _xJuvenile fiction. | ||
| 650 | _xJuvenile fiction. | ||
| 999 |
_c292036 _d292036 |
||